000 00984nam a22003137a 4500
001 BR8002248
003 BR-BrBNA
005 20230928090558.0
007 ta
008 230509b bl.||||| |||| 00| 0 por d
040 _aBR-BrBNA
_bpor
_cBiblioteca Nacional de Agricultura
041 _a(Por)
072 _aF27; P12
_b0230
_b/G514
090 _ 0230 BR8002248
110 1 _aPrograma Nacional de Melhoramento da Cana-de-Acucar, Rio de Janeiro, RJ (Brasil)
_98035
245 1 _aIrrigacao por gotejamento em cana-de-acucar com tres diferentes espacamentos [Sccharum officinarum; Rio de Janeiro; Brasil]
260 3 _a[np](Brasil):
_c[nd].
300 _a1 p.
500 _aSummary only; Published 1980?
650 _aCultivo do solo
650 _aIrrigacao
650 _aCana de acucar
650 _aCultura irrigada
650 _aEspacamento
650 _aIrrigacao por gotejamento
650 _aRio de Janeiro
909 _a202309
_bLucia
_c55
_dLucia Elande
942 _cBK
999 _c29456
_d29456